000 00544nam a2200121Ia 4500
008 220620s9999||||xx |||||||||||||| ||und||
100 _aEnglish, Ross
245 4 _aThe United States Congress
546 _aEnglish[eng]
650 _acongress||democrat||america||republican||United States Congress||White House
856 _uhttps://library.oapen.org/bitstream/20.500.12657/34992/1/341403.pdf||https://library.oapen.org/bitstream/20.500.12657/34992/1/341403.pdf||https://library.oapen.org/bitstream/20.500.12657/34992/1/341403.pdf
942 _cEB
999 _c23044
_d23044